Statistics for Norwegian football league champions

Click here to take the quiz!

General Stats

  • This quiz has been taken 39 times
  • The average score is 12 of 22

Answer Stats

#Team% Correct
26Rosenborg
100%
5Bodø/Glimt
95%
1Mo
95%
5Molde
92%
8Viking
81%
3Brann
78%
5Vålerenga
73%
5Lillestrøm
70%
9Fredrikstad
65%
2Start
59%
2Strømsgodset
59%
1Moss
57%
1Stabæk
54%
2Lyn
51%
1Skeid
30%
1Fram
16%
2Harstad
16%
3Larvik Turn
16%
5Mjølner
16%
1Narvik/Nor
14%
1Freidig
11%
2Stein
8%

Score Distribution

Percentile by Number Answered

Percent of People with Each Score

Your Score History

You have not taken this quiz